Pali prakrit apabhrangsha bhasha aru sahitya : (Record no. 8848)

MARC details
000 -LEADER
fixed length control field 00691cam a2200205ua 4500
005 - DATE AND TIME OF LATEST TRANSACTION
control field 20260515114530.0
008 - FIXED-LENGTH DATA ELEMENTS--GENERAL INFORMATION
fixed length control field 160910n ii |||gr||||Z||||||asm
020 ## - INTERNATIONAL STANDARD BOOK NUMBER
International Standard Book Number 8185916365
040 ## - CATALOGING SOURCE
Transcribing agency MAIN
082 ## - DEWEY DECIMAL CLASSIFICATION NUMBER
Classification number 491.3
Item number THA
100 ## - MAIN ENTRY--PERSONAL NAME
Personal name Thakur, Nagen,
Relator term author
245 ## - TITLE STATEMENT
Title Pali prakrit apabhrangsha bhasha aru sahitya :
Remainder of title sanskrit pali-prakrit aru Asamiya bhashar tulanamulak alochana saha/
Statement of responsibility, etc. By Nagen Thakur .
250 ## - EDITION STATEMENT
Edition statement 12th rev. ed.
260 ## - PUBLICATION, DISTRIBUTION, ETC.
Place of publication, distribution, etc. Guwahati:
Name of publisher, distributor, etc. K.M. publishing,
Date of publication, distribution, etc. 2022.
300 ## - PHYSICAL DESCRIPTION
Extent 235+144p.
650 ## - SUBJECT ADDED ENTRY--TOPICAL TERM
Topical term or geographic name entry element Languages and literatures of Middle Indo Aryan period
653 ## - INDEX TERM--UNCONTROLLED
Uncontrolled term East Indo-European & Celtic languages
653 ## - INDEX TERM--UNCONTROLLED
Uncontrolled term Assamese language
942 ## - ADDED ENTRY ELEMENTS (KOHA)
Koha item type Books
Source of classification or shelving scheme Dewey Decimal Classification
Holdings
Withdrawn status Lost status Damaged status Not for loan Home library Current library Shelving location Date acquired Total checkouts Full call number Barcode Date last seen Date last checked out Copy number Price effective from Koha item type Source of classification or shelving scheme Collection Cost, normal purchase price
        Naharkatiya College Library Naharkatiya College Library General stacks 09/19/2020 17 491.3Assamese language | THA 23439 04/23/2026 04/23/2026 3 09/19/2020 Books      
        Naharkatiya College Library Naharkatiya College Library General stacks 09/19/2020 8 491.3Assamese language | THA 23440 03/09/2024 02/19/2024 2 09/19/2020 Books      
        Naharkatiya College Library Naharkatiya College Library General stacks 09/19/2020 18 491.3Assamese language | THA 23441 04/22/2026 04/22/2026 1 09/19/2020 Books      
        Naharkatiya College Library Naharkatiya College Library General stacks 09/20/2025 2 491.3 THA 31039 03/27/2026 03/27/2026 4 09/20/2025 Books Dewey Decimal Classification   400.00
        Naharkatiya College Library Naharkatiya College Library General stacks 09/20/2025 3 491.3 THA 31040 04/25/2026 04/25/2026 5 09/20/2025 Books Dewey Decimal Classification   400.00
        Naharkatiya College Library Naharkatiya College Library General stacks 09/20/2025 4 491.3 THA 31041 04/29/2026 04/29/2026 6 09/20/2025 Books Dewey Decimal Classification   400.00